| 000 | 00714nam a2200193 a 4500 | ||
|---|---|---|---|
| 003 | 0 | ||
| 005 | 20250208080835.0 | ||
| 008 | 120719s19uu xx 00 eng d | ||
| 050 |
_aPGS SB 349 _b.J43 2012 |
||
| 100 | _aJeong, Young Chae. | ||
| 245 |
_aThe use of different soda on the growth of tomato plant / _cYoung Chae Jeong. |
||
| 260 |
_aLas PiƱas City, Philippines : _bSouthville International School and Colleges, _c2012. |
||
| 300 |
_a20 pages : _billustrations ; _c28 cm. |
||
| 504 | _aIncludes bibliographical references. | ||
| 650 |
_aTomatoes _vGrowth and development. |
||
| 650 |
_aPlant growth _vInfluence of soft drinks. |
||
| 650 |
_aCarbonated beverages _vEffects on plants. |
||
| 942 |
_2lcc _cPASS |
||
| 999 |
_c98742 _d98742 |
||